000 00744nam a2200193 a 4500
001 000029633
005 20200930055706.0
008 110415s1996 dr 000 0 spa d
040 _aDO-SdBNP
_bspa
_cBNPHU
082 _axxx
_bC3978a
110 2 _aCentro Nacional de Investigaciones en Salud Materno Infantil
_955757
245 1 0 _aSobrepeso en escolares adolescentes de diferentes grupos sociales /
_ceditor Hugo R. Mendoza.
260 _aSanto Domingo :
_bCENISMI,
_c1996.
300 _aiv, 22 p. ;
_c28 cm.
490 1 _aInvestigaciones en nutrición
_apublicaciones técnicas
_vvi
504 _aBibliografía : p. 17 -18
700 1 _aMendoza, Hugo R.
_eed
_96390
830 0 _aInvestigaciones en nutrición
_ppublicaciones técnicas
_vvi
_955916
999 _c29125
_d29125